000 01704nam a22002297a 4500
005 20220926140919.0
008 220923b ||||| |||| 00| 0 eng d
020 _a9789351730781
040 _cAL
041 _aeng
082 _223
_a336.243
_bMEHC
100 _aMehrotra H C
_958371
245 _aCorporate tax planning and management
250 _a20th ed.
260 _aAgra
_bSahitya Bhawan Publications
_c2022
300 _aii,362p.
_bPB
_c24x18cm.
365 _2General
_a4394
_b₹280.00
_c
_d₹350.00
_e20%
_f21-09-2022
520 _aLegal position as amended up to June 2022 is given.Even the last minute changes in the law have been incorporated in this revised edition of the book and as such it is the latest and most update book on Income Tax for the Assessment Year 2022-23. Further, the amendments made by the Finance Act, 2022, applicable for the Assessment Years 2022-23 and 2023-24, have been incorporated in the book. In the chapter of Deduction and Collection of Tax at Source newly inserted sections 194R and 194S of the Income Tax Act, applicable from 01.07.2022 have been included.User-friendly examination-oriented style facilitating easy comprehension of each topic.Solved Illustrations and Questions for exercise are largest in number in comparison to other books on income tax. A simplified, systematic approach to the understanding of a complex subject written in a unique, simple and easy to understand language.Each topic, after a theoretical exposition is followed by illustrations to facilitate the students to master the practical application of Corporate Tax Law.
650 _2Taxation
_aCorporate Tax
_958372
700 _aGoyal, S P
_958373
942 _2ddc
_cBK
999 _c224652
_d224652